[Event "Nuremberg Zabo op 23rd"]
[Site "Nuremberg"]
[Date "2023.09.16"]
[Round "3"]
[White "Hart, Martin"]
[Black "Deysenroth, Patrick"]
[Result "1-0"]
[WhiteElo "2034"]
[BlackElo "1739"]
[PlyCount "45"]
[EventDate "2023.09.15"]
[EventType "swiss"]
[EventRounds "5"]
[EventCountry "GER"]
[SourceTitle "EXT 2024"]
[Source "ChessBase"]
[SourceDate "2023.10.10"]
[SourceVersion "1"]
[SourceVersionDate "2023.10.10"]
[SourceQuality "1"]

1. e4 c6 2. d3 d5 3. Nd2 dxe4 4. dxe4 g6 5. Bc4 Bg7 6. Ngf3 Nf6 7. 0-0 0-0 8. Re1 Nbd7 9. Qe2 Nc5 10. a4 Be6 11. e5 Nfd7 12. b4 Bxc4 13. Nxc4 Ne6 14. Bb2 Qc7 15. a5 Rfd8 16. Qe4 b5 17. Ne3 a6 18. h4 h6 19. h5 g5 20. g3 Ndf8 21. Nh2 c5 22. Nd5 Qb7 23. Nf6+ 1-0

[Event "Nuremberg Zabo op 23rd"]
[Site "Nuremberg"]
[Date "2023.09.16"]
[Round "2"]
[White "Naegelein, Yannick"]
[Black "Hart, Martin"]
[Result "0-1"]
[WhiteElo "1590"]
[BlackElo "2034"]
[PlyCount "40"]
[EventDate "2023.09.15"]
[EventType "swiss"]
[EventRounds "5"]
[EventCountry "GER"]
[SourceTitle "EXT 2024"]
[Source "ChessBase"]
[SourceDate "2023.10.10"]
[SourceVersion "1"]
[SourceVersionDate "2023.10.10"]
[SourceQuality "1"]

1. e4 Nf6 2. Nc3 d6 3. f4 e5 4. Nf3 exf4 5. d4 Nh5 6. Bc4 Be6 7. Bxe6 fxe6 8. 0-0 g6 9. Ne2 g5 10. c4 Bg7 11. Qa4+ Nd7 12. Qb5 h6 13. Ne1 0-0 14. h4 a6 15. Qxb7 g4 16. Bxf4 Rb8 17. Qxa6 Rxb2 18. c5 Nxf4 19. Rxf4 Rxf4 20. Nxf4 Bxd4+ 0-1

[Event "Oberliga Nord W 2122"]
[Site "Germany"]
[Date "2022.05.29"]
[Round "6.4"]
[White "Herrmann, Andreas"]
[Black "Hart, Martin"]
[Result "1/2-1/2"]
[WhiteElo "2117"]
[BlackElo "2010"]
[PlyCount "92"]
[EventDate "2021.10.10"]
[EventType "team-tourn"]
[EventRounds "9"]
[EventCountry "GER"]
[SourceTitle "EXT 2024"]
[Source "ChessBase"]
[SourceDate "2023.10.10"]
[SourceVersion "1"]
[SourceVersionDate "2023.10.10"]
[SourceQuality "1"]
[WhiteTeam "Hannover"]
[BlackTeam "Hellern"]
[WhiteTeamCountry "GER"]
[BlackTeamCountry "GER"]

1. d4 b5 2. Bf4 Bb7 3. Nd2 e6 4. e3 b4 5. Ngf3 c5 6. dxc5 Bxc5 7. Nb3 Be7 8. Bd6 Qb6 9. Bxe7 Nxe7 10. Qd4 Qxd4 11. Nbxd4 0-0 12. Bd3 Nbc6 13. 0-0 d5 14. a3 a5 15. Nb5 e5 16. Be2 Rfd8 17. Rfd1 Rd7 18. axb4 axb4 19. Rxa8+ Bxa8 20. c4 bxc3 21. Nxc3 Rd8 22. h3 h6 23. Bb5 e4 24. Bxc6 Nxc6 25. Nd4 Rb8 26. Nxc6 Bxc6 27. Nxd5 Bxd5 28. Rxd5 Rxb2 29. Rd4 f5 30. g4 g6 31. Rd5 fxg4 32. hxg4 Rb4 33. Kg2 Kf7 34. Kg3 Ke6 35. Ra5 Rb2 36. Ra4 Ke5 37. Ra6 h5 38. Ra5+ Ke6 39. gxh5 gxh5 40. Rxh5 Ra2 41. Rh2 Kf5 42. f4 Ra3 43. Re2 Rb3 44. Kf2 Kg4 45. Rd2 Ra3 46. Ke2 Rb3 1/2-1/2

[Event "Oberliga Nord W 2122"]
[Site "Germany"]
[Date "2022.05.01"]
[Round "9.7"]
[White "Pollmann, Sascha"]
[Black "Hart, Martin"]
[Result "0-1"]
[WhiteElo "2080"]
[BlackElo "2021"]
[PlyCount "72"]
[EventDate "2021.10.10"]
[EventType "team-tourn"]
[EventRounds "9"]
[EventCountry "GER"]
[SourceTitle "EXT 2023"]
[Source "ChessBase"]
[SourceDate "2022.10.05"]
[SourceVersion "1"]
[SourceVersionDate "2022.10.05"]
[SourceQuality "1"]
[WhiteTeam "Werder Bremen III"]
[BlackTeam "Hellern"]
[WhiteTeamCountry "GER"]
[BlackTeamCountry "GER"]

1. g3 c5 2. Bg2 Nc6 3. f4 d5 4. Nf3 g6 5. 0-0 Bg7 6. d3 e6 7. c3 Nge7 8. Na3 0-0 9. e4 Rb8 10. e5 b5 11. Nc2 d4 12. cxd4 cxd4 13. Ng5 Qb6 14. Qe2 a5 15. Ne4 Rd8 16. g4 Nd5 17. g5 b4 18. Rf3 Nce7 19. Bh3 Bb7 20. Rg3 Rbc8 21. Qf2 Nf5 22. Bxf5 exf5 23. Nd6 Rxd6 24. exd6 Qc6 25. d7 Qxd7 26. Ne1 Qc6 27. Ng2 Re8 28. Bd2 Qc2 29. Be1 Re2 30. Qf3 Bc6 31. Rc1 Rxg2+ 32. Rxg2 Qxc1 33. Qe2 Nxf4 34. Qd2 Nh3+ 35. Kf1 Bxg2+ 36. Kxg2 Nf4+ 0-1

[Event "Oberliga Nord W 1920"]
[Site "Germany"]
[Date "2019.11.24"]
[Round "3.8"]
[White "Hart, Martin"]
[Black "Witthaus, Joerg"]
[Result "1/2-1/2"]
[WhiteElo "2052"]
[BlackElo "2027"]
[PlyCount "104"]
[EventDate "2019.09.29"]
[EventType "team-tourn"]
[EventRounds "9"]
[EventCountry "GER"]
[SourceTitle "CBM 195 Extra"]
[Source "ChessBase"]
[SourceDate "2020.05.31"]
[SourceVersion "1"]
[SourceVersionDate "2020.05.31"]
[SourceQuality "1"]

1. e4 e6 2. Qe2 c5 3. f4 Nc6 4. Nf3 d6 5. g3 g6 6. Bg2 Bg7 7. c3 Nge7 8. d3 d5 9. e5 Rb8 10. Be3 Qa5 11. Nbd2 b6 12. 0-0 0-0 13. a3 Nf5 14. Bf2 Bd7 15. b4 Qa4 16. Rfb1 Rfc8 17. g4 Nh6 18. h3 Bf8 19. Nf1 Nd8 20. Bh4 a5 21. Ne3 Bg7 22. Be7 Bf8 23. Bf6 Bg7 24. Qf2 Be8 25. Qh4 d4 26. cxd4 cxd4 27. Nxd4 Qd7 28. Ndc2 Kh8 29. Be4 Ng8 30. f5 Bxf6 31. exf6 exf5 32. gxf5 Qd6 33. fxg6 fxg6 34. Rf1 Rc7 35. Rf2 Bf7 36. Raf1 Rbc8 37. Rg2 Qf8 38. Bxg6 Qh6 39. Qxh6 Nxh6 40. Be4 Ne6 41. d4 Rg8 42. Rxg8+ Nxg8 43. Nd5 Rb7 44. h4 Rb8 45. Rb1 Rd8 46. bxa5 bxa5 47. Rb5 Nf8 48. Nce3 Nd7 49. Ng4 Be6 50. Ne5 Ndxf6 51. Nxf6 Nxf6 52. d5 Bxd5 1/2-1/2

[Event "Oberliga Nord W 1920"]
[Site "Germany"]
[Date "2019.09.29"]
[Round "1.8"]
[White "Hart, Martin"]
[Black "Bierenbroodspot, Paul"]
[Result "1/2-1/2"]
[WhiteElo "2050"]
[BlackElo "2111"]
[PlyCount "103"]
[EventDate "2019.09.29"]
[EventType "team-tourn"]
[EventRounds "9"]
[EventCountry "GER"]
[SourceTitle "CBM 195 Extra"]
[Source "ChessBase"]
[SourceDate "2020.05.31"]
[SourceVersion "1"]
[SourceVersionDate "2020.05.31"]
[SourceQuality "1"]

1. Nf3 d5 2. g3 Nf6 3. Bg2 Bg4 4. h3 Bf5 5. 0-0 h6 6. d3 e6 7. Nbd2 Bc5 8. c3 0-0 9. Qb3 Bb6 10. a4 c5 11. a5 Bxa5 12. Qxb7 Nbd7 13. Qa6 Bb6 14. c4 Qc7 15. Re1 Nb8 16. Qa4 Nc6 17. b3 Rad8 18. Bb2 d4 19. Ba3 e5 20. b4 Rfe8 21. Nh4 Bd7 22. b5 Ne7 23. e4 dxe3 24. Rxe3 g5 25. Bb2 Nf5 26. Nxf5 Bxf5 27. Ne4 Nxe4 28. dxe4 Be6 29. Qc2 Rd7 30. Bf1 Ba5 31. Bxe5 Qxe5 32. Rxa5 Red8 33. Qc3 Qc7 34. Kg2 Rd4 35. Ra6 R8d7 36. Rc6 Qe5 37. Be2 Kg7 38. Bg4 Rc7 39. Rxc7 Qxc7 40. Rd3 Qe5 41. Rxd4 cxd4 42. Qd3 Qc5 43. Bxe6 fxe6 44. f4 e5 45. fxe5 Qxe5 46. Kf2 Qc5 47. Ke2 Qd6 48. Kd1 Qc5 49. Kc2 h5 50. Kb3 Qd6 51. h4 g4 52. Kc2 1/2-1/2

[Event "Oberliga Nord W 1819"]
[Site "Germany"]
[Date "2018.11.25"]
[Round "3.8"]
[White "Wolter, Jens"]
[Black "Hart, Martin"]
[Result "1-0"]
[WhiteElo "2142"]
[BlackElo "2085"]
[PlyCount "59"]
[EventDate "2018.10.21"]
[EventType "team-tourn"]
[EventRounds "9"]
[EventCountry "GER"]
[SourceTitle "EXT 2020"]
[Source "ChessBase"]
[SourceDate "2019.10.17"]
[SourceVersion "1"]
[SourceVersionDate "2019.10.17"]
[SourceQuality "1"]
[WhiteTeam "Lister Turm"]
[BlackTeam "Hellern"]
[WhiteTeamCountry "GER"]
[BlackTeamCountry "GER"]

1. e4 Nf6 2. e5 Nd5 3. d4 d6 4. c4 Nb6 5. exd6 cxd6 6. Nc3 g6 7. Be3 Bg7 8. Rc1 0-0 9. b3 Nc6 10. d5 Ne5 11. Be2 h5 12. h3 e6 13. dxe6 Bxe6 14. Nf3 Re8 15. 0-0 Rc8 16. Nb5 Re7 17. Nxa7 Ra8 18. Nb5 Rxa2 19. c5 Nd5 20. Bg5 f6 21. cxd6 Re8 22. Nxe5 fxg5 23. d7 Bxe5 24. dxe8Q+ Qxe8 25. Bc4 Qf7 26. Nd4 Qf4 27. Nf3 Nc7 28. Nxe5 Qxe5 29. Qd8+ Kf7 30. Rce1 1-0

[Event "Nuremberg Zabo op 20th"]
[Site "Nuremberg"]
[Date "2018.09.19"]
[Round "5"]
[White "Hart, Martin"]
[Black "Mueller, Lothar2222"]
[Result "1-0"]
[WhiteElo "1986"]
[BlackElo "1850"]
[PlyCount "41"]
[EventDate "2018.09.15"]
[EventType "swiss"]
[EventRounds "5"]
[EventCountry "GER"]
[SourceTitle "EXT 2020"]
[Source "ChessBase"]
[SourceDate "2019.10.17"]
[SourceVersion "1"]
[SourceVersionDate "2019.10.17"]
[SourceQuality "1"]

1. e4 c5 2. d3 Nc6 3. g3 g6 4. Bg2 Bg7 5. f4 d6 6. Nf3 Bg4 7. c3 e6 8. Be3 Bxf3 9. Qxf3 Nge7 10. Nd2 Qc7 11. 0-0 e5 12. f5 f6 13. h4 0-0-0 14. Rac1 b6 15. b4 Kd7 16. h5 g5 17. Bxg5 fxg5 18. f6 Bh6 19. fxe7 Nxe7 20. Qf6 Bf8 21. Qxh8 1-0

[Event "Oberliga Nord W 1718"]
[Site "Germany"]
[Date "2018.02.04"]
[Round "6.8"]
[White "Hart, Martin"]
[Black "Bierenbroodspot, Paul"]
[Result "0-1"]
[WhiteElo "2090"]
[BlackElo "2073"]
[PlyCount "54"]
[EventDate "2017.10.08"]
[EventType "team-tourn"]
[EventRounds "9"]
[EventCountry "GER"]
[SourceTitle "EXT 2019"]
[Source "ChessBase"]
[SourceDate "2018.10.10"]
[SourceVersion "1"]
[SourceVersionDate "2018.10.10"]
[SourceQuality "1"]
[WhiteTeam "Hellern"]
[BlackTeam "Nordhorn Blanke"]
[WhiteTeamCountry "GER"]
[BlackTeamCountry "GER"]

1. e4 d5 2. Nc3 d4 3. Nce2 e5 4. Nf3 f6 5. Ng3 Be6 6. Bb5+ c6 7. Ba4 Nd7 8. Bb3 Bxb3 9. axb3 d3 10. 0-0 Nc5 11. c4 a5 12. Nxe5 fxe5 13. Qh5+ Kd7 14. Qf5+ Kd6 15. b4 Nd7 16. f4 Nh6 17. fxe5+ Kc7 18. Qf4 Bxb4 19. Nf5 Nxf5 20. exf5 Nc5 21. Kh1 Nb3 22. Rb1 Qd4 23. Qg3 Kb6 24. c5+ Bxc5 25. Qxg7 Rhg8 26. Qf7 a4 27. e6 Qe4 0-1

[Event "Oberliga Nord W 1718"]
[Site "Germany"]
[Date "2017.10.08"]
[Round "1.8"]
[White "Hart, Martin"]
[Black "Kohlmeier, Frank"]
[Result "1/2-1/2"]
[WhiteElo "2090"]
[BlackElo "1951"]
[PlyCount "45"]
[EventDate "2017.10.08"]
[EventType "team-tourn"]
[EventRounds "9"]
[EventCountry "GER"]
[SourceTitle "EXT 2019"]
[Source "ChessBase"]
[SourceDate "2018.10.10"]
[SourceVersion "1"]
[SourceVersionDate "2018.10.10"]
[SourceQuality "1"]
[WhiteTeam "Hellern"]
[BlackTeam "Goettingen Tempo"]
[WhiteTeamCountry "GER"]
[BlackTeamCountry "GER"]

1. e4 c5 2. d3 d6 3. g3 Nc6 4. Bg2 Nf6 5. Nc3 g6 6. f4 Bg4 7. Nf3 Nd4 8. h3 Nxf3+ 9. Bxf3 Bxf3 10. Qxf3 Bg7 11. 0-0 0-0 12. Be3 Nd7 13. g4 e6 14. Rab1 Bd4 15. Ne2 Bxe3+ 16. Qxe3 Qh4 17. Kg2 Rae8 18. Nc3 d5 19. Qg3 Qxg3+ 20. Kxg3 d4 21. Nb5 a6 22. Nd6 Rb8 23. a4 1/2-1/2

[Event "Niedersachsen-ch op"]
[Site "Verden"]
[Date "2016.01.04"]
[Round "4"]
[White "Hart, Martin"]
[Black "Reichelt, Ole"]
[Result "1-0"]
[WhiteElo "2122"]
[BlackElo "1685"]
[PlyCount "107"]
[EventDate "2016.01.03"]
[EventType "swiss"]
[EventRounds "7"]
[EventCountry "GER"]
[SourceTitle "EXT 2018"]
[Source "ChessBase"]
[SourceDate "2017.10.13"]
[SourceVersion "1"]
[SourceVersionDate "2017.10.13"]
[SourceQuality "1"]

1. e4 e6 2. d3 d5 3. Nd2 c5 4. Ngf3 Nf6 5. g3 Nc6 6. Bg2 dxe4 7. dxe4 e5 8. 0-0 Bg4 9. h3 Bh5 10. c3 Be7 11. Qc2 0-0 12. Nc4 Qc7 13. Bg5 Nd7 14. g4 Bxg5 15. Nxg5 Bg6 16. h4 h6 17. Nh3 b5 18. Ne3 c4 19. h5 Bh7 20. g5 hxg5 21. Nxg5 Nc5 22. Qe2 Nd8 23. Qg4 Nde6 24. Nxh7 Kxh7 25. Nd5 Qd6 26. Rad1 Nd3 27. Rfe1 Nef4 28. Nxf4 exf4 29. e5 Qb6 30. Be4+ Kh8 31. Bxd3 cxd3 32. Rxd3 Rad8 33. Rh3 Rd2 34. Qxf4 Qh6 35. Rf3 Qxf4 36. Rxf4 Kg8 37. Rb4 a6 38. Kf1 Re8 39. Kg2 f6 40. e6 Rd6 41. Rbe4 Rd2 42. R1e2 Rd5 43. f4 Rxh5 44. Rd4 Rh4 45. Kg3 g5 46. fxg5 Rxd4 47. cxd4 Kg7 48. Kg4 Kg6 49. gxf6 Kxf6 50. e7 b4 51. Kf4 a5 52. b3 Rxe7 53. Rxe7 Kxe7 54. Ke5 1-0

[Event "Oberliga Nord W 0910"]
[Site "Germany"]
[Date "2010.02.28"]
[Round "7.5"]
[White "Ljubarskij, Jurij"]
[Black "Hart, Martin"]
[Result "0-1"]
[WhiteElo "2274"]
[BlackElo "2012"]
[PlyCount "81"]
[EventDate "2009.10.18"]
[EventType "team-tourn"]
[EventRounds "9"]
[EventCountry "GER"]
[SourceTitle "EXT 2011"]
[Source "ChessBase"]
[SourceDate "2010.11.26"]
[SourceVersion "1"]
[SourceVersionDate "2010.11.26"]
[SourceQuality "1"]
[WhiteTeam "Hannover PSC"]
[BlackTeam "Hellern"]
[WhiteTeamCountry "GER"]
[BlackTeamCountry "GER"]

1. e4 Nf6 2. e5 Nd5 3. d4 d6 4. Nf3 g6 5. Bc4 Nb6 6. Bb3 d5 7. 0-0 Bg7 8. Re1 0-0 9. h3 Nc6 10. c3 Bf5 11. Nbd2 Na5 12. Bc2 Bxc2 13. Qxc2 e6 14. Nf1 Nd7 15. Bg5 Qc8 16. N1h2 c5 17. Be7 Re8 18. Bxc5 Nc4 19. Ba3 Nxa3 20. bxa3 Qc7 21. Qb3 Rec8 22. Re3 Rab8 23. Ng4 h5 24. Ngh2 Bh6 25. Rd3 Qc4 26. Rad1 Qa6 27. g4 hxg4 28. Nxg4 Bf8 29. Ng5 Rc7 30. Rf3 Nb6 31. Qc2 Kg7 32. Qc1 Qxa3 33. Nxe6+ fxe6 34. Qh6+ Kg8 35. Nf6+ Kf7 36. Nxd5+ Kg8 37. Qxg6+ Rg7 38. Rg3 Rxg6 39. Rxg6+ Kh7 40. Nf4 Bh6 41. Rf6 0-1

[Event "Oberliga Nord W 0910"]
[Site "Germany"]
[Date "2009.11.29"]
[Round "3.5"]
[White "Mai, Iris"]
[Black "Hart, Martin"]
[Result "0-1"]
[WhiteElo "2146"]
[BlackElo "2012"]
[PlyCount "80"]
[EventDate "2009.10.18"]
[EventType "team-tourn"]
[EventRounds "9"]
[EventCountry "GER"]
[SourceTitle "EXT 2011"]
[Source "ChessBase"]
[SourceDate "2010.11.26"]
[SourceVersion "1"]
[SourceVersionDate "2010.11.26"]
[SourceQuality "1"]
[WhiteTeam "Hannover Post"]
[BlackTeam "Hellern"]
[WhiteTeamCountry "GER"]
[BlackTeamCountry "GER"]

1. d4 b5 2. Nf3 Bb7 3. e3 b4 4. a3 a5 5. axb4 axb4 6. Rxa8 Bxa8 7. Bb5 e6 8. 0-0 Nf6 9. Nbd2 c5 10. Qe2 Nc6 11. Nb3 cxd4 12. exd4 Qb6 13. Bg5 Nd5 14. Ra1 Bb7 15. Ne5 Be7 16. Bxe7 Kxe7 17. Bxc6 Bxc6 18. Ra6 Qc7 19. Nxc6+ dxc6 20. g3 h5 21. Qc4 Rc8 22. Na5 Qd7 23. Qc5+ Kf6 24. Rxc6 Ra8 25. Nb3 Ra2 26. c4 bxc3 27. bxc3 Kg6 28. c4 Nf6 29. Rc7 Qa4 30. Qe7 Qxb3 31. Qxf7+ Kf5 32. Rc5+ Ke4 33. Qxe6+ Kd3 34. Qe3+ Kc2 35. Re5 Ra1+ 36. Kg2 Rd1 37. c5 Qb5 38. Kf3 Qc6+ 39. Ke2 Qb5+ 40. Kf3 Rd3 0-1

[Event "Nuremberg-ch op 05th"]
[Site "Nuremberg"]
[Date "2005.05.08"]
[Round "4"]
[White "Hart, Martin"]
[Black "Seregelyes, Csaba"]
[Result "1-0"]
[WhiteElo "2025"]
[BlackElo "2079"]
[PlyCount "101"]
[EventDate "2005.05.06"]
[EventType "swiss"]
[EventRounds "5"]
[EventCountry "GER"]
[SourceTitle "EXT 2007"]
[Source "ChessBase"]
[SourceDate "2006.11.23"]
[SourceVersion "1"]
[SourceVersionDate "2006.11.23"]
[SourceQuality "1"]

1. e4 c5 2. d3 Nc6 3. g3 g6 4. Bg2 Bg7 5. f4 e6 6. Nf3 Nge7 7. 0-0 0-0 8. c3 d5 9. e5 b6 10. Na3 Ba6 11. Nc2 Rb8 12. Be3 c4 13. d4 b5 14. a3 Bc8 15. g4 a5 16. Bd2 Bd7 17. Qe1 f5 18. exf6 Bxf6 19. Bh3 Qc8 20. Qe2 Bg7 21. Rae1 Nd8 22. Qg2 Nec6 23. Re2 Qc7 24. Nh4 Bf6 25. Be1 b4 26. axb4 axb4 27. f5 g5 28. Bg3 e5 29. Qxd5+ Nf7 30. Nf3 Ne7 31. Qe4 Bc6 32. Qe3 Nd5 33. Qd2 bxc3 34. bxc3 Nf4 35. Bxf4 exf4 36. Nb4 Rfe8 37. Bg2 Bb7 38. Rfe1 Kf8 39. Re6 Rxe6 40. fxe6 Nd6 41. Ne5 Bxg2 42. Nd7+ Ke7 43. Qxg2 Bxd4+ 44. cxd4 Rxb4 45. Qc2 Kd8 46. Qxh7 Kc8 47. Qh8+ Kb7 48. Nc5+ Kb6 49. Qa8 Qc8 50. Nd7+ Kb5 51. Qd5+ 1-0

[Event "Nuremberg Zabo op 04th"]
[Site "Nuremberg"]
[Date "2002.09.29"]
[Round "4"]
[White "Dobosz, Henryk"]
[Black "Hart, Martin"]
[Result "1-0"]
[WhiteElo "2381"]
[BlackElo "2048"]
[PlyCount "45"]
[EventDate "2002.09.27"]
[EventType "swiss"]
[EventRounds "5"]
[EventCountry "GER"]
[SourceTitle "EXT 2003"]
[Source "ChessBase"]
[SourceDate "2002.11.25"]
[SourceVersion "1"]
[SourceVersionDate "2002.11.25"]
[SourceQuality "1"]

1. Nf3 b5 2. e4 Bb7 3. d3 c5 4. g3 e6 5. Bg2 c4 6. dxc4 bxc4 7. e5 Na6 8. 0-0 Rc8 9. Nc3 Bc5 10. Qe2 Ne7 11. Ne4 Bxe4 12. Qxe4 Qb6 13. c3 Nf5 14. b4 Be7 15. Rd1 d5 16. exd6 Nxd6 17. Qd4 Qxd4 18. Nxd4 e5 19. Nc6 e4 20. Nxa7 Rc7 21. Bf4 Rxa7 22. Bxd6 Bf6 23. Bxe4 1-0

[Event "Nuremberg Zabo op 04th"]
[Site "Nuremberg"]
[Date "2002.09.28"]
[Round "3"]
[White "Niedermaier, Barbara"]
[Black "Hart, Martin"]
[Result "0-1"]
[WhiteElo "1846"]
[BlackElo "2048"]
[PlyCount "50"]
[EventDate "2002.09.27"]
[EventType "swiss"]
[EventRounds "5"]
[EventCountry "GER"]
[SourceTitle "EXT 2003"]
[Source "ChessBase"]
[SourceDate "2002.11.25"]
[SourceVersion "1"]
[SourceVersionDate "2002.11.25"]
[SourceQuality "1"]

1. e4 Nf6 2. Nc3 d6 3. d4 c6 4. Nf3 Qa5 5. Bd2 Qc7 6. Bc4 b5 7. Bd3 e5 8. d5 b4 9. Ne2 cxd5 10. Bxb4 dxe4 11. Bb5+ Bd7 12. Bxd7+ Nbxd7 13. Ng5 Rc8 14. Nc3 Qb7 15. Ba3 h6 16. Nh3 Nb6 17. 0-0 Nc4 18. Ne2 g5 19. f4 gxf4 20. Nexf4 Ne3 21. Qd2 Nxf1 22. Rxf1 exf4 23. Qxf4 Be7 24. Kh1 Rxc2 25. Bxd6 e3 0-1